179 - Né(es) un 28 juin. - Statistiques

Statistiques générales
  • Ce quiz a été pris 8 fois
  • Le résultat moyen est 7 sur 24
Statistiques - réponses
Hint Année de naissance Réponse % Correct
Fondateur de Tesla. 1971 Elon Musk
83%
Gardien de l'équipe de France de football lors de la Coupe du monde de 1998. 1971 Fabien Barthez
83%
Auteur de l'"Émile ou De l'éducation" (1762), "Du contrat social (1762)", "Les Confessions (1765-1770)", "Les Rêveries du promeneur solitaire" (1776-1778). 1712 Jean-Jacques Rousseau
67%
Actrice française vue dans "Un éléphant ça trompe énormément" en 1976 et "Une famille formidable" de 1992 à 2018. 1947 Anny Duperey
50%
Dessinateur de presse, auteur de bande dessinée assassiné le 7 janvier 2015. 1934 Georges Wolinski
50%
Joueur de football belge, milieu de terrain à Manchester City. 1991 Kevin De Bruyne
50%
Chanteur qui avec Didier Barbelivien de 1990 à 1992 permet à "À toutes les filles..." et "Il faut laisser le temps au temps" de se classer numéro 1 au Top 50. 1958 Félix Gray|Félix Boutboul
33%
Zoologiste et paléontologue français qui partagea les Mammifères en onze ordres, auteur de l''Histoire naturelle des Cétacés". 1773 Georges Frédéric Cuvier|Frédéric Cuvier
33%
Prix Goncourt du premier roman pour son roman "L'Abyssin". Prix Goncourt pour son roman historique "Rouge Brésil". 1952 Jean-Christophe Rufin
33%
Explorateur polaire français (1934-1939), il dirigea les Expéditions polaires françaises de 1947 à 1976. 1907 Paul-Émile Victor|Paul Eugène Victor|PEV
33%
Homme d'État français, figure centrale de la collaboration durant l'occupation de la France par l'Allemagne nazie exécuté en 1945. 1883 Pierre Laval
33%
Journaliste sportif spécialiste sportif longtemps associé à Pierre Albaladejo sur France Télévisions. 1946 Pierre Salviac
33%
Joueur de tennis espagnol spécialiste de la terre battue. Finaliste des Internationaux de France de tennis en 1994. 1973 Alberto Berasategui
17%
Acteur et humoriste slovéno-suisse vu dans "L'amour dure trois ans". 1976 Gaspard Proust|Gašper Pust
17%
Acteur américain vu dans "Les Ailes de l'enfer", "La Ligne rouge", "2012", "Le Majordome", "Love and Mercy". 1966 John Cusack
17%
Prix Nobel de littérature en 1934. Auteur de "À chacun sa vérité" (1917), "Six personnages en quête d'auteur" (1921), "Henri IV" (1922). 1867 Luigi Pirandello
17%
Acteur américain récipiendaire d'un Emmy Award, un Grammy Award, un Oscar, et un Tony Award vu dans "Frankenstein Junior" et "Le Shérif est en prison". 1926 Mel Brooks|Melvin Kaminsky
17%
Prix Nobel de la paix en 2006, fondateur, en 1976, la première institution de microcrédit, la "Grameen Bank". 1940 Muhammad Yunus|banquier des pauvres
17%
Peintre brabançon de l'école baroque flamande, célèbre pour "La Chasse au tigre", "Sous la tonnelle de chèvrefeuille", "Les Trois Grâces", "L'Enlèvement des filles de Leucippe", "Le chapeau de paille". 1608 Pierre Paul Rubens| Pietro Paolo Rubens|Peter Paul Rubens|Petrus Paulus Rubens
17%
Pionnier de la chirurgie vasculaire, lauréat du prix Nobel de physiologie ou médecine en 1912. 1873 Alexis Carrel
0%
Chef du gouvernement de Louis XV entre 1758 et 1770. 1719 Étienne-François de Choiseul-Beaupré-Stainville|Étienne-François de Choiseul
0%
Roi d'Angleterre et d'Irlande de 1509 à 1547. 1491 Henri VIII
0%
Déclencheur d'un mouvement de réveil au sein de l'Église d'Angleterre, connu sous le nom de méthodisme. 1703 John Wesley
0%
Miss Nord-Pas-de-Calais 2017 puis Miss France 2018. 1994 Maëva Coucke
0%
Aucun quiz correspondant
Distribution des résultats
% des personnes avec chaque résultat
Percentile par nombre de réponses
Votre historique - résultats
Vous n’avez pas pris ce quiz